000 00753cab a2200217 4500
001 WB3312-34
008 090401t1997 xxu||||| |||| 00| 0 eng d
035 _a(Sirsi) u77288
041 _aeng
245 _aTenants score High Court win
260 _c1997
350 _a0
490 _aProperty Week
_v58(11) 21 March 1997, 21(1)
520 _aFollowing the HL decision on "Esselte AB v Pearl Assurance" this week, tenants will be able to walk away from their buildings when leases expire without giving landlords three months notice.
650 _aESSELTE AB V PEARL ASSURNACE PLC
650 _aEXPIRATION OF LEASE
650 _aVACATION OF PROPERTY
690 _aLANDLORD AND TENANT-BUSINESS TENANCIES
942 _n0
948 _c21/03/1997
999 _c48600
_d48600